000 00550nam a2200205Ia 4500
005 20250508150124.0
008 008 250505s9999 xx 000 0 eng d
037 _aTextBook
040 _aFEDL
_beng
_cFEDL
041 _aeng
_2eng
084 _a540, OFF
_qFEDL
100 _aOffner Monroo M
_9755760
245 0 _aFundamentals as chemistry
260 _aNew York, USA
_bHarper and Brothers Publisher
_c1947
300 _a398p
365 _aINR
_b3.12
650 _aChemistry
942 _cTB
_h540, OFF
999 _c1321850
_d1321850